000
00370nam a22001337a 4500
003
SGT
020
_a
9788126418245
082
_a
301.2
_b
P09G
100
_a
गौरव, प्रशांत
245
_a
प्राचीन भारत: लगभग 600ई. तक
260
_b
राजकमल प्रकाशन
_c
2009
300
_a
475
942
_2
ddc
_c
BK
999
_c
29547
_d
29547